| 000 | 00711nam a22002177a 4500 | ||
|---|---|---|---|
| 999 |
_c2938 _d2938 |
||
| 003 | AR-CdUCM | ||
| 008 | 190305b ||||| |||| 00| 0 esp d | ||
| 020 | _aISBN | ||
| 040 |
_aMUNICIPALIDAD PROVINCIAL DEL CUSCO _cBIBLIOTECA MUNICIPAL DEL CUSCO |
||
| 082 |
_a858.11 / _bAL42 |
||
| 100 |
_aAlighieri, Dante _95764 |
||
| 245 |
_aLa divina comedia / _cDante Alighieri |
||
| 260 |
_aBuenos Aires ; _bCarlos Lohlé, _c1972. |
||
| 300 |
_a387 paginas ; _c23 cm. |
||
| 505 | _aLa vida de Dante -- La divina comedia -- La anotación y el comentario -- Canto ... | ||
| 650 |
_aPoesías italianas _96525 |
||
| 650 |
_aPoesías bíblicas _910079 |
||
| 650 |
_aSiglo XIV _91308 |
||
| 942 |
_2ddc _cLIBROS |
||
| 945 | _aacrt | ||